Online
Catalog

Antimperialismo y nación / (Record no. 13639)

MARC details
000 -CABECERA
campo de control de longitud fija 01169cam a2200325 a 4500
001 - NÚMERO DE CONTROL
campo de control 000014037
005 - FECHA Y HORA DE LA ÚLTIMA TRANSACCIÓN
campo de control 20240527201742.0
008 - DATOS DE LONGITUD FIJA--INFORMACIÓN GENERAL
campo de control de longitud fija 800313s1979 mx b 001 0 spa d
020 ## - NÚMERO INTERNACIONAL ESTÁNDAR DEL LIBRO
Número Internacional Estándar del Libro 968230508X
035 ## - NÚMERO DE CONTROL DEL SISTEMA
Número de control de sistema (DLC) 79127831
040 ## - FUENTE DE LA CATALOGACIÓN
Centro catalogador/agencia de origen DO-SdBNP
Centro/agencia transcriptor DLC
Centro/agencia modificador DLC
043 ## - CÓDIGO DE ÁREA GEOGRÁFICA
Código de área geográfica s-ag---
082 ## - NÚMERO DE LA CLASIFICACIÓN DECIMAL DEWEY
Número de clasificación 325.32
Número de documento/Ítem I46a
049 ## - FONDOS LOCALES (OCLC)
Fondos de biblioteca BNGR
100 1# - ENTRADA PRINCIPAL--NOMBRE DE PERSONA
Nombre de persona Ingenieros, José,
Fechas asociadas al nombre 1877-1925.
9 (RLIN) 16601
245 10 - MENCIÓN DE TÍTULO
Título Antimperialismo y nación /
Mención de responsabilidad, etc. José Ingenieros ; introducción, compilación y notas de Óscar Terán ; edición José Aricó.
260 ## - PUBLICACIÓN, DISTRIBUCIÓN, ETC.
Lugar de publicación, distribución, etc. México :
Nombre del editor, distribuidor, etc. Siglo Veintiuno,
Fecha de publicación, distribución, etc. 1979.
300 ## - DESCRIPCIÓN FÍSICA
Extensión 529 p. ;
Dimensiones 22 cm.
490 1# - MENCIÓN DE SERIE
Mención de serie América nuestra
-- Hombres y las ideas
Designación de volumen o secuencia 22
500 ## - NOTA GENERAL
Nota general "José Ingenieros, o, La voluntad de saber" by Oscar Teran: p. [11]-117.
504 ## - NOTA DE BIBLIOGRAFÍA, ETC.
Nota de bibliografía, etc. Bibliografía (p. 495-519)
500 ## - NOTA GENERAL
Nota general Incluye índice.
650 #0 - PUNTO DE ACCESO ADICIONAL DE MATERIA--TÉRMINO DE MATERIA
Término de materia o nombre geográfico como elemento de entrada Imperialismo
9 (RLIN) 1499
650 #4 - PUNTO DE ACCESO ADICIONAL DE MATERIA--TÉRMINO DE MATERIA
Término de materia o nombre geográfico como elemento de entrada Ingenieros, josé,
Fechas vigentes 1877-1925
9 (RLIN) 31784
650 #4 - PUNTO DE ACCESO ADICIONAL DE MATERIA--TÉRMINO DE MATERIA
Término de materia o nombre geográfico como elemento de entrada Ciencia política
Subdivisión geográfica Argentina
9 (RLIN) 31785
700 1# - PUNTO DE ACCESO ADICIONAL--NOMBRE DE PERSONA
Nombre de persona Terán, Óscar
Término indicativo de función/relación intr.
9 (RLIN) 31786
700 1# - PUNTO DE ACCESO ADICIONAL--NOMBRE DE PERSONA
Nombre de persona José, Aricó
Término indicativo de función/relación ed.
9 (RLIN) 31787
830 #0 - PUNTO DE ACCESO ADICIONAL DE SERIE-TÍTULO UNIFORME
Título uniforme América nuestra ;
Nombre de parte o sección de la obra Hombres y las ideas.
Designación de volumen o secuencia 22
9 (RLIN) 31788
910 ## - DATOS DE OPCIÓN DEL USUARIO (OCLC)
Datos de opción del usuario Catalogación por copia / LC
Holdings
Estado de retiro Estado de pérdida Restricciones de uso No para préstamo Código de colección Localización permanente Ubicación/localización actual Ubicación en estantería Fecha de adquisición Número de inventario Total de préstamos Signatura topográfica completa Código de barras Fecha visto por última vez Precio válido a partir de Tipo de ítem Koha
    Préstamo interno   Monografías: Libros y Folletos General General En catalogación 02.12.2009 LF1   325.32 I46a 14037-10 25.06.2020 25.06.2020 Préstamo interno

Powered by Koha